000 00724nam a2200205 i 4500
001 99098
003 ES-MaACL
005 20230906182434.0
007 t|
008 051121s1976 pr ||||1| eng d
020 _a0-8477-2731-9
080 _a301.153.2(729.5)
100 1 _aRivera de Otero, Consuelo.
_997643
245 1 0 _aMass communications services
_b: (an analysis) : Puerto Rican government radio, television and community education /
_cConsuelo Rivera de Otero.
250 _a1ª ed.
260 _aRío Piedras, Puerto Rico :
_bUniversity of Puerto Rico Press,
_c1976.
300 _a153 p. ;
_c22 cm.
650 1 4 _aMedios de comunicación social-
_zPuerto Rico.
_914978
852 _aES-MaACL
_jE-11073
_bR.136762
999 _c99098
_d99098